[Event "TUR-chT2"]
[Site "Konya"]
[Date "2018.07.13"]
[Round "6.12"]
[White "Turan, Ercan"]
[Black "Ilbay, Hakki"]
[Result "1/2-1/2"]
[WhiteElo "1686"]
[BlackElo "1466"]
[PlyCount "87"]
[EventDate "2018.07.10"]
[EventType "team-swiss"]
[EventRounds "9"]
[EventCountry "TUR"]
[SourceTitle "EXT 2019"]
[Source "ChessBase"]
[SourceDate "2018.10.10"]
[SourceVersion "1"]
[SourceVersionDate "2018.10.10"]
[SourceQuality "1"]
[WhiteTeam "Yalova Beyaz Fil"]
[BlackTeam "Burhaniye"]
[WhiteTeamCountry "TUR"]
[BlackTeamCountry "TUR"]

1. d4 d5 2. Nf3 Nf6 3. c4 c6 4. Nc3 dxc4 5. a4 Bf5 6. e3 e6 7. Bxc4 Bb4 8. Bd2 0-0 9. 0-0 Nbd7 10. Re1 c5 11. Nb5 Bxd2 12. Qxd2 Ne4 13. Qd1 a6 14. Nc3 Qf6 15. Qb3 Rab8 16. Nxe4 Bxe4 17. Nd2 Bc6 18. d5 exd5 19. Bxd5 Bxd5 20. Qxd5 Rfd8 21. Qb3 Ne5 22. Re2 Rd3 23. Qc2 Rbd8 24. Rae1 Qg6 25. Kh1 b6 26. Nc4 Qe6 27. Nxe5 Qxe5 28. e4 g6 29. g3 Qd4 30. Kg2 Rd2 31. Qc1 Rxe2 32. Rxe2 Qxa4 33. Qg5 Qd4 34. h4 Kg7 35. e5 h6 36. Qf6+ Kg8 37. Qxb6 Qd5+ 38. Kh2 Re8 39. Qxa6 Rxe5 40. Rxe5 Qxe5 41. Qb5 Qd4 42. Kg2 Kg7 43. Kf1 Qd1+ 44. Kg2 1/2-1/2